000 00979cam a22003137a 4500
003 CHAP
005 20220329133305.0
008 971013s1991 r 00010 d
010 _a4402
011 _a5374
035 _a4581
040 _cCHAP
082 _a350
_bM41 1991
110 _aMéxico. Leyes, decretos, etc.
_977071
245 0 _aLey orgánica de la administración pública federal
250 _a25 ed.
260 _aMéxico, D.F. :
_bPorrúa,
_c1991
300 _a943 p.
490 0 _aLeyes y códigos de México
590 _aBATCH-UPD
_b10
_c20130110
_lUCH01
_h2048
590 _aBATCH-UPD
_b10
_c20130410
_lUCH01
_h1401
590 _aBATCH-UPD
_b10
_c20130914
_lUCH01
_h1718
590 _aCONVERSION
_b10
_c20130109
_lUCH01
_h1304
650 1 4 _aLegislación administrativa
_xMéxico.
_965653
830 0 _aLeyes y códigos de México
_966564
901 _aBK
942 _cLIBRO
949 _a350 M41 1991
_bBC
_cC
_d33724000121737
_eC
_gI. c/e
_h80447
_i4581
_si
_t17.00
999 _c4402
_d4402